00351nam a2200133Ia 4500008004100000100002300041245004800064260000900112300001500121504000800136650001400144650002400158773003500182181130s2018 xx 000 0 und d aArce, Moises et al aResource wealth, democracy and mobilisation c2018 ap.949-967. dJun aDemocracy aResource management aJournal of Development Studies